Etika v podnikání.

Obsah pojmu etika podnikania. Etika v podnikaní by mala prispieť ku zdokonaleniu praktík v podnikaní. Základné požiadavky: a/ etika podnikania by mala byť zameraná na praktické rozhodovanie a konanie, b/ nesmie len ospravedlňovať alebo kritizovať daný stav, ale musí byť inovatívna a otvorená novým p...

Description complète

Enregistré dans:
Détails bibliographiques
Auteur principal: Bohatá, M.
Format: Chapitre de livre
Langue:tchèque
Sujets:
Tags: Ajouter un tag
Pas de tags, Soyez le premier à ajouter un tag!

MARC

LEADER 00000naa a2200000 4500
001 r012478
005 20220826093911.0
041 0 |a cze 
044 |a CZ 
245 1 0 |a Etika v podnikání.  |c M. Bohatá 
520 |a Obsah pojmu etika podnikania. Etika v podnikaní by mala prispieť ku zdokonaleniu praktík v podnikaní. Základné požiadavky: a/ etika podnikania by mala byť zameraná na praktické rozhodovanie a konanie, b/ nesmie len ospravedlňovať alebo kritizovať daný stav, ale musí byť inovatívna a otvorená novým perspektívam konania. Najvhodnejší model podnikateľskej etiky je model kooperácie, ktorý obidve disciplíny (etiku a ekonomiku) chápe ako nezávislé a rovnocenné. 
610 2 0 |a etika 
610 2 0 |a podnikanie 
610 2 0 |a rozhodovanie 
610 2 0 |a ekonómia 
100 1 |a Bohatá, M.